(Papers presented at Malaysia Incorporated Summit, 24-25 July 2000, Kuala Lumpur)

Bibliographic Details
Corporate Author: MALAYSIA Incorporated Summit
Format: Book
Published: (Petaling Jaya, Selangor : Asian Strategy & Leadership Incorporated Sdn Bhd , 2000)
Subjects:

MARC

LEADER 00000cam a2200000 7i4500
001 0000002675
005 20031027.0
090 0 0 |a C338.9595   |b MAL 2000 
110 1 0 |a MALAYSIA Incorporated Summit   |k 2000   |j Kuala Lumpur 
245 1 0 |a (Papers presented at Malaysia Incorporated Summit, 24-25 July 2000, Kuala Lumpur) 
260 0 0 |a (Petaling Jaya, Selangor :   |b Asian Strategy & Leadership Incorporated Sdn Bhd ,   |c 2000) 
300 |a Various pagings :   |b ill. ;   |c 30 cm. 
650 0 0 |a Government business enterprises   |z Malaysia   |x Congresses 
650 0 0 |a Incorporation   |z Malaysia   |x Congresses 
650 0 0 |a Industry and state   |z Malaysia   |x Congresses 
651 0 0 |a Malaysia   |x Economic policy   |x Congresses 
998 |a JPSM 
999 |a 0000005048   |b Monograph   |c Conference kit   |e Default branch